Nietzsche, la genealogía, la historia (Registro nro. 60996)
[ vista simple ]
| 000 -ENCABEZADO | |
|---|---|
| Número de control [NR] | 00963nam a2200265Ia 4500 |
| 008 - DE LONGITUD FIJA DE DATOS DE ELEMENTOS - INFORMACIÓN GENERAL | |
| Elementos de longitud fija [NR] | 130821s2008 sp gr spa |
| 020 ## - NUMERO INTERNACIONAL NORMALIZADO PARA LIBROS [R] | |
| Número Internacional Normalizado del libro [NR] | 9788485081974 |
| 040 ## - FUENTE DE CATALOGACION [NR] | |
| Agencia de catalogación original [NR] | Co-BoUCM |
| Idioma de catalogación [NR] | spa |
| 041 00 - CODIGO DE IDIOMA [R] | |
| Código de idioma para texto/pista de sonido o título separado [R] | Español |
| 100 1# - ASIENTO PRINCIPAL--NOMBRE PERSONAL [NR] | |
| Nombre personal [NR] | Foucault, Michel |
| Fechas asociadas con el nombre [NR] | 1926-1984 |
| ID Autoridad | 1666 |
| 245 10 - MENCION DE TITULO [NR] | |
| Título [NR] | Nietzsche, la genealogía, la historia |
| Mención de responsabilidad, etc. [NR] | Michel Foucault ;traducción de José Vázquez Pérez |
| 250 ## - MENCION DE EDICION [NR] | |
| Mención de edición [NR] | 6a ed. |
| 260 ## - PUBLICACION, DISTRIBUCION, ETC. (PIE DE IMPRENTA) [R] | |
| Lugar de publicación, distribución, etc. [R] | Valencia (España) |
| Nombre del editor, distribuidor, etc. [R] | Pre-Textos |
| Fecha de publicación, distribución, etc. [R] | 2008 |
| 300 ## - DESCRIPCION FISICA [R] | |
| Extensión [R] | 75 páginas |
| 490 ## - MENCION DE SERIE [R] | |
| Mención de serie [R] | Pre-textos/ensayo |
| Designación numérica/secuencial del volumen [NR] | 95 |
| 600 ## - ASIENTO SECUNDARIO DE MATERIA - NOMBRE PERSONAL [R] | |
| Nombre personal [NR] | Nietzsche, Friedrich Wilhelm |
| Fechas asociadas con el nombre [NR] | 1844-1900 |
| Subdivisión general [R] | Crítica e interpretación, etc. |
| 9 (RLIN) | 51145 |
| 650 04 - ASIENTO SECUNDARIO DE MATERIA - TERMINO TEMATICO [R] | |
| Término temático o nombre geográfico como elemento de entrada [NR] | Filosofía alemana |
| Subdivisión general [R] | Historia y crítica |
| 9 (RLIN) | 201 |
| 650 04 - ASIENTO SECUNDARIO DE MATERIA - TERMINO TEMATICO [R] | |
| Término temático o nombre geográfico como elemento de entrada [NR] | Filosofía de la historia |
| 9 (RLIN) | 15763 |
| 650 04 - ASIENTO SECUNDARIO DE MATERIA - TERMINO TEMATICO [R] | |
| Término temático o nombre geográfico como elemento de entrada [NR] | Filosofía |
| 9 (RLIN) | 75 |
| 650 04 - ASIENTO SECUNDARIO DE MATERIA - TERMINO TEMATICO [R] | |
| Término temático o nombre geográfico como elemento de entrada [NR] | Genealogía |
| 9 (RLIN) | 16298 |
| 700 1# - ASIENTO SECUNDARIO - NOMBRE PERSONAL [R] | |
| Nombre personal [NR] | Vásquez Pérez, José |
| Término de relación [R] | |
| 9 (RLIN) | 91085 |
| 765 ## - ASIENTO DE IDIOMA ORIGINAL [R] | |
| Asiento principal [NR] | Nietsche, la genéalogie et l'histoire |
| 942 ## - ELEMENTOS DE ENTRADA AGREGADOS (KOHA) | |
| Tipo de ítem principal el descrito en 300a | Libro |
| Tema principal | Filosofía |
| Edición | 6 |
| Parte restante de la signatura top. | F762n |
| Sistema de clasificación | DEWEY |
| Clasificación | 193 |
| Fecha de último préstamo | Total préstamos | Total Renewals | Signatura topográfica | Código de barras | Última vez visto | Volúmen / Fascículo | Ejemplar | Price effective from | Tipo de ítem | Perdido | Sistema de clasificación | Dañado | No prestable | Tipo de ítem específico | Suprimido | Ubicación habitual | Ubicación actual | Localización | Fecha de creación | Forma de adquisición | Costo |
|---|---|---|---|---|---|---|---|---|---|---|---|---|---|---|---|---|---|---|---|---|---|
| 27/02/2019 | 17 | 3 | 193 F762n | 100098826 | 05/12/2025 | 6a. Ed. | Ej.1 | 03/02/2013 | Libro | DEWEY | Libro | Claustro | Claustro | 2do piso | 28/02/2013 | Compra | 40000.00 |